Odgadnij Państwo po Trzech Miastach #2 - Statystyki

Ogólne statystyki
  • Ten quiz został rozwiązany 67 razy
  • Średni wynik to 6 z 15
Statystyki odpowiedzi
Miasta Państwo % Poprawnych
Lyon, Nantes, Lille Francja
98%
Bergen, Trondheim, Bodo Norwegia
89%
Turku, Rovaniemi, Lahti Finlandia
77%
Grodno, Witebsk, Brześć Białoruś
74%
Cali, Medellin, Santa Marta Kolumbia
47%
Maracaibo, Ciudad Bolivar, Petare Wenezuela
39%
Oran, Batina, Dżilfa Algieria
32%
Valparaiso, Lebu, Coronel Chile
31%
Salala, Sur, Suhar Oman
26%
Bitola, Kumanowo, Prilew Macedonia
23%
Susa, Tatawin, Bizerta Tunezja
23%
Bengazi, Al-Bajda, Misrata Libia
21%
Ghanzi, Herat, Rostak Afganistan
19%
Johor, Ipoh, Klang Malezja
19%
Adama, Gonder, Aksum Etiopia
11%
Nie znaleziono quizów pasujących do podanych kryteriów
Rozkład punktacji
Procent ludzi z każdym wynikiem
Percentyl według liczby udzielonych odpowiedzi
Twoja historia wyników
Nie rozwiązałeś tego quizu